Members of Loona (K-Pop Girl Group) - Statistics

General Stats
  • This quiz has been taken 498 times
  • The average score is 11 of 12
Answer Stats
Answer % Correct
Chuu
96%
HeeJin
94%
Kim Lip
93%
HyunJin
92%
Olivia Hye
92%
ViVi
92%
Yves
92%
Choerry
91%
JinSoul
91%
Go Won
89%
HaSeul
89%
YeoJin
89%
No matching quizzes found
Score Distribution
Percent of People with Each Score
Percentile by Number Answered
Your Score History
You have not taken this quiz